Statistics for Dog Breeds by Picture - Toy Group

Click here to take the quiz!

General Stats

  • This quiz has been taken 165 times
  • The average score is 10 of 16

Answer Stats

Answer% Correct
Pug
96%
Chihuahua
91%
Pomeranian
88%
Bichon Frise
87%
Cavalier King Charles
81%
Yorkshire Terrier
81%
Papillon
75%
Chinese Crested
73%
Pekingese
69%
Italian Greyhound
66%
Maltese
64%
Japanese Chin
43%
Havanese
35%
Lowchen
31%
Russian Toy
20%
English Toy
13%

Score Distribution

Percentile by Number Answered

Percent of People with Each Score

Your Score History

You have not taken this quiz